1992 1423 1386 1239 1927 1160 1819 1951 1687 1715 1924 1358 1815 1892 1380 1482 1377 1043 1071 1233 1715 1176 1619 1408 1334 1325 1552 1412 1415 1149 1792 1165 1537 1933 1492 1606 1559 1741 1909 1483 1272 1501 1493 1190 1217 1702 1973 1177 1076 1117 1275 1775 1506 1011 1664 1658 1304 1760 1072 1705 1291 1299 1274 1773 1587 1919 1615 1696 1209 1536 1203 1810 1354 1304 1520 1717 1415 1075 1493 1039 1739 1942 1652 1475 1345 1735 1206 1055 1113 1988 1368 1445 1720 1472 1368 1292 1469 1461 1871 BCNSPRNW ULIB Ver.6.0+V

เปลี่ยนเป็นภาษาไทย

Change to English
 แสดงรายละเอียดบรรณานุกรม
  กลับหน้าหลัก

Brief Record : Get Marc (ISO 2709) : E-mail record : QR code < ปิดหน้าต่าง
LEADER : 00000nam 2200000uu 4500
001    13399121010
003     ULIB
008    020711s2547 th a 000 0 tha d
020    9789746119511(ล2)
020    9746119516(ล.2)
050  4 HQ796^bส719ก
110    มหาวิทยาลัยสุโขทัยธรรมาธิราช.^bสาขาวิทยาการจัดการ
245    กิจกรรมและประสบการณ์เยาวชน หน่วยที่ 8-15/^cมหาวิทยาลัยสุโขทัยธรรมาธิราช
250    พิมพ์ครั้งที่ 5
260    นนทบุรี :^bมหาวิทยาลัยสุโขทัยธรรมาธิราช.,^c2547
650    กิจกรรม
945    ^p0^l0^i24384
999    ^aทศพร เกษรทอง
รายการนี้ยังไม่มีแท็ก
คุณยังไม่ได้ล็อกอิน คุณสามารถมีกิจกรรมร่วมกับเว็บไซต์ได้ แต่ต้องล็อกอินก่อน ::
  ล็อกอิน

รายการสื่อสารสนเทศ

ลำดับที่ ประเภท เลขเรียก/บาร์โค้ด สถานที่ สถานะ
1. วิทยาศาสตร์การแพทย์ และสุขภาพ
วิทยาศาสตร์การแพทย์ และสุขภาพ
HQ796 ส719ก ฉ.1 
  Barcode: 24384
ห้องสมุดวิทยาเขตสวรรค์ประชารักษ์
►หนังสือทั่วไป
บนชั้น

รายการใกล้เคียง
    หัวเรื่อง [กิจกรรม]

BibComment


ยังไม่เคยถูกคอมเมนท์

คอมเมนท์ทรัพยากรรายการนี้
  คอมเมนท์: กิจกรรมและประสบกา..


 Copyright 2026. Bcnsprnw @Library